| 000 | 00613cam a2200169 4500500 | ||
|---|---|---|---|
| 005 | 20251012015707.0 | ||
| 041 | _afre | ||
| 042 | _adc | ||
| 100 | 1 | 0 |
_aQin, D. _eauthor |
| 700 | 1 | 0 |
_a De Wilde, V.-A. _eauthor |
| 700 | 1 | 0 |
_a Masquelier, E. _eauthor |
| 245 | 0 | 0 | _aÉvaluation quantitative sensorielle thermique auprès de 251 patients atteints du syndrome de fibromyalgie |
| 260 | _c2015. | ||
| 500 | _a23 | ||
| 786 | 0 | _nDouleur et analgésie | 28 | 4 | 2015-12-01 | p. 179-185 | 1011-288X | |
| 856 | 4 | 1 | _uhttps://shs.cairn.info/revue-douleur-et-analgesie-2015-4-page-179?lang=fr&redirect-ssocas=7080 |
| 999 |
_c1532963 _d1532963 |
||